00330nam a2200133Ia 4500008004100000020001500041041001200056082001600068100001200084245005000096260003400146300000800180650000800188221030s9999 xx 000 0 und d a8175152125 aEnglish a105.23bRos aG. Rose 0aHand book of Electronics Formulascby G. Rose bGalgotia PubaNew Delhic1998 a422 aECE